=LDR 00000nam 2200000 4500 =001 NUTBA000000000004972 =005 20201229091719 =035 ##$$a 0010-101400000000202 =008 201229################g##########0#ind## =020 ##$$a 978-602-855-196-0 =040 ##$$a NBPDMAT =082 ##$$a 332.4 =090 ##$$a 332.4 $b Iva u =100 #$$a Ivan Masdudin =245 1#$$a Uang antara untung dan bencana /$c Ivan Masdudin =260 ##$$a Banten :$b Talenta Pustaka Indonesia,$c 2009 =300 ##$$a 54 hlm. : $b ilus. ; $c 24 x 17 cm. =650 #4$$a Pengayaan =084 ##$$a 332.4 IVA u =250 ##$$a cet.1 =990 ##$$a 21412497 =990 ##$$a 21412498 =990 ##$$a 21412499 =990 ##$$a 21412500 =990 ##$$a 21412501 =990 ##$$a 21412500 =990 ##$$a 21412497 =990 ##$$a 21412498 =990 ##$$a 21412499 =990 ##$$a 21412501